BIBLIOTHÈQUE DE LA MAISON DU MEXIQUE

Logo 1 Logo 2

Cartas de relación de la conquista de México (notice nᵒ 10589)

détails MARC
000 -Sello discográfico
campo de control de longitud fija 00848nam a2200289 4500
005 - Identificación de versión
campo de control 20251016083400.0
035 ## - Otros números de control del sistema
Número de control del sistema 3751
099 ## - fechas locales
Tipo de ítem Koha LIBRO
100 ## - Datos de procesamiento general
Datos de procesamiento general 20040115d1945 m y1spay5003 ba
105 ## - Campo de datos codificados: Material textual, monográfico
Datos codificados de monografía y 001zy
200 1# - Título y mención de responsabilidad
Título propio Cartas de relación de la conquista de México
Designación general del material texto impreso
Primer mención de responsabilidad Hernán Cortés
205 ## - Declaración de edición
Declaración de edición 1a ed
210 ## - Publicación, distribución, etc.
Lugar de publicación, distribución, etc. Buenos Aires
Nombre del editor, distribuidor, etc. Espasa-Calpe
Fecha de publicación, distribución, etc. 1945
215 ## - Descripción física
Designación de material específico y extensión del ítem 377 p
Dimensiones 19 cm
345 ## - Nota de información de adquisición
Fuente de adquisición/dirección de la suscripción [OBSOLETO] Donación
410 #1 - Series
Título Colección Austral
Nombre de parte o sección Clásicos
Número de volumen 547
607 ## - Nombre geográfico utilizado como tema
Elemento de entrada México
Subdivisión temática Historia
Subdivisión cronológica Conquista, 1519-1540
Subdivisión temática Fuentes
Número Koha 6082
660 ## - Código de área geográfica
Código MX
700 ## - Nombre personal - Responsabilidad primaria
Elemento de entrada Cortés
Parte del nombre distinta del elemento de entrada Hernán
Fechas 1485-1547
Número Koha 2380
801 #0 - Fuente de origen
Agencia cm
900 ## -
-- 1/5999
900 ## -
-- 7100417760\150104
942 ## - ELEMENTOS DE ENTRADA SECUNDARIOS (KOHA)
Tipo de ítem Koha Livre
996 ## -
-- MEX
-- 751145101
-- MMAG
-- 011731
-- 972.02 C828CA
-- 20241125LIV
Exemplaires
Estatus retirado Estado de daño Estado de pérdida Fecha de adquisición Biblioteca de origen Biblioteca actual Ubicación en estantería Código de barras Precio de reemplazo Signatura topográfica completa No para préstamo Tipo de ítem Koha Nota pública Nota no pública
      05/08/2025 Casa México Paris Casa México Paris   011731 05/08/2025 972.02 C828CA   Livre 20241125LIV 751145101